| 000 -ლიდერი |
| ფიქსირებული სიგრძის საკონტროლო ველი |
01390nam a22002417a 4500 |
| 003 - საკონტროლო ნომრის იდენტიფიკატორი |
| საკონტროლო ველი |
Ge_BSU |
| 005 - ბოლო ოპერაციის თარიღი და დრო |
| საკონტროლო ველი |
20230608125930.0 |
| 008 - ფიქსირებული სიგრძის მონაცემთა ელემენტები - ზოგადი ინფორმაცია |
| ფიქსირებული სიგრძის საკონტროლო ველი |
230608s2002 ge ||||| |||| 00| 0 geo d |
| 020 ## - წიგნის საერთაშორისო სტანდარტული ნომერი |
| International Standard Book Number |
9992882204 |
| 041 ## - ენის კოდი |
| Language code of text/sound track or separate title |
geo |
| 080 ## - უნივერსალური ათობითი კლასიფიკაციის ინდექსი |
| Universal Decimal Classification number |
94(381)(092 ალექსანდრე მაკედონელი) პ-46 |
| 100 ## - მთავარი ჩანაწერი - პიროვნების სახელი |
| Personal name |
პლუტარქე |
| 9 (RLIN) |
16068 |
| 245 ## - ცნობა სათაურის შესახებ |
| Title |
ალექსანდრე მაკედონელი / |
| Statement of responsibility, etc |
პლუტარქეს მიხედვით; [პროექტის ავტ.: თამარ ებრალიძე; რედ.: დალი გერმანიშვილი]. |
| 264 ## - წარმოების, გამოცემის, დისტრიბუციის და სხვა ცნობები |
| გამოცემის, წარმოების, დისტრიბუციის... ადგილი |
თბილისი : |
| გამოცემის, წარმოების, დისტრიბუციის... სახელწოდება |
ლიტერა, |
| გამოცემის, წარმოების, დისტრიბუციის... თარიღი |
2002. |
| 300 ## - ფიზიკური აღწერა |
| Extent |
41გვ. : |
| Other physical details |
ილ. ; |
| Dimensions |
20სმ. |
| 490 ## - სერიის ცნობა |
| Series statement |
ცივილიზაციათა დიალოგი ; სერია "მეფეები". |
| 653 ## - INDEX TERM--UNCONTROLLED |
| Uncontrolled term |
ალექსანდრე მაკედონელი |
| 653 ## - INDEX TERM--UNCONTROLLED |
| Uncontrolled term |
ადაპტირებული ტექსტი ყმაწვილთათვის |
| 653 ## - INDEX TERM--UNCONTROLLED |
| Uncontrolled term |
ბერძნული პროზა |
| 700 ## - ADDED ENTRY--PERSONAL NAME |
| Personal name |
ებრალიძე, თამარ |
| Relator term |
ადაპტირებული ტექსტის ავტორი. |
| 9 (RLIN) |
18568 |
| 700 ## - ADDED ENTRY--PERSONAL NAME |
| Personal name |
გერმანიშვილი, დალი |
| Relator term |
რედაქტორი |
| 9 (RLIN) |
5061 |
| 942 ## - ADDED ENTRY ELEMENTS (KOHA) |
| Source of classification or shelving scheme |
|
| Koha item type |
წიგნი |